[Event "PRO League Group Stage"]
[Site "chess.com INT"]
[Date "2018.02.07"]
[Round "5"]
[White "Ju, Wenjun"]
[Black "Clarke, Brandon G I"]
[Result "0-1"]
[WhiteTitle "GM"]
[BlackTitle "FM"]
[WhiteElo "2572"]
[BlackElo "2360"]
[WhiteTeam "Chengdu Pandas"]
[BlackTeam "Australia Kangaroos"]
[WhiteFideId "8603006"]
[BlackFideId "400319"]
[EventDate "2018.01.18"]

1. Nf3 Nf6 2. g3 g6 3. Bg2 Bg7 4. O-O O-O 5. d4 d6 6. Nc3 d5 7. Re1 c5 8. dxc5
Nc6 9. Rb1 d4 10. Nb5 e5 11. e3 Qa5 12. Nd6 Qxc5 13. Nxc8 Raxc8 14. exd4 exd4
15. a3 Nd5 16. Bd2 a6 17. Ng5 Ne5 18. Ne4 Qc7 19. Bh3 Rcd8 20. Bg5 f6 21. Bd2
Rfe8 22. Rc1 h6 23. Bf4 Qb6 24. b4 f5 25. Bxe5 fxe4 26. Bxg7 Kxg7 27. Bg2 Nc3
28. Qg4 h5 29. Qf4 Rd6 30. h4 Rf6 31. Qd2 Qd6 32. Rf1 Ref8 33. Rce1 Qe5 34. f4
Qd5 35. Kh2 Re8 36. Re3 Rc6 37. Ree1 Rc7 38. f5 Qd6 39. fxg6 Re6 40. Rf4 Rce7
41. Qf2 e3 42. Rf7+ Kxg6 43. Rxe7 Rxe7 44. Qf3 Rf7 45. Rxe3 Rxf3 46. Rxf3 Qe5
47. Rd3 b5 48. Kh3 Qf5+ 49. Kh2 Qf2 50. Kh3 Qg1 51. Rf3 Ne2 52. Rf1 Qe3 53. Rf3
Ng1+ 0-1

[Event "PRO League Group Stage"]
[Site "chess.com INT"]
[Date "2018.02.07"]
[Round "5"]
[White "Kiewra, Keaton"]
[Black "Gabuzyan, Hovhannes"]
[Result "1-0"]
[WhiteTitle "IM"]
[BlackTitle "GM"]
[WhiteElo "2382"]
[BlackElo "2571"]
[WhiteTeam "San Diego Surfers"]
[BlackTeam "Rio Grande Ospreys"]
[WhiteFideId "2019280"]
[BlackFideId "13303732"]
[EventDate "2018.01.18"]

1. d4 Nf6 2. Nf3 g6 3. c4 Bg7 4. Nc3 d5 5. Bg5 Ne4 6. Bf4 Nxc3 7. bxc3 O-O 8. e3
c5 9. cxd5 Qxd5 10. Be2 Nc6 11. O-O Bf5 12. Qb3 Qd7 13. Rfd1 cxd4 14. cxd4 Be4
15. Rac1 Rac8 16. Qa3 Bd5 17. Nd2 Rfd8 18. Bg3 e6 19. Bf3 Bf8 20. Qb2 Nb4 21.
Ne4 Bxe4 22. Bxe4 Qa4 23. Bxb7 Rxc1 24. Rxc1 Qxa2 25. Qxa2 Nxa2 26. Ra1 Nc3 27.
Kf1 Kg7 28. f3 Bd6 29. Be1 Nb5 30. Ra6 Bb8 31. Ba5 Rg8 32. g3 h5 33. Bc6 Nd6 34.
Bb4 Rd8 35. Bc5 h4 36. e4 hxg3 37. hxg3 Nc4 38. Kf2 Rh8 39. f4 Rh2+ 40. Kf3 Rd2
41. d5 Rd3+ 42. Kg2 e5 43. Bxa7 Bc7 44. Bb5 Rd2+ 45. Kf3 Nd6 46. Be2 exf4 47.
gxf4 Rb2 48. Bd4+ Kh6 49. Bxb2 f5 50. e5 Ne4 51. d6 Bd8 52. e6 g5 53. e7 g4+ 54.
Kg2 g3 55. exd8=Q 1-0

[Event "PRO League Group Stage"]
[Site "chess.com INT"]
[Date "2018.02.07"]
[Round "5"]
[White "Kiewra, Keaton"]
[Black "Kambrath, Yannick"]
[Result "1-0"]
[WhiteTitle "IM"]
[BlackTitle "FM"]
[WhiteElo "2382"]
[BlackElo "2342"]
[WhiteTeam "San Diego Surfers"]
[BlackTeam "Rio Grande Ospreys"]
[WhiteFideId "2019280"]
[BlackFideId "20632525"]
[EventDate "2018.01.18"]

1. d4 Nf6 2. Bg5 c5 3. Nc3 cxd4 4. Qxd4 Nc6 5. Qh4 e6 6. e4 Be7 7. O-O-O d6 8.
f4 Qa5 9. Nf3 h6 10. Qh3 Rg8 11. Bxf6 Bxf6 12. Nd2 Bxc3 13. Nc4 Bxb2+ 14. Kxb2
Qb4+ 15. Qb3 Ke7 16. Nxd6 Rd8 17. Qxb4 Nxb4 18. e5 Nd5 19. g3 Bd7 20. Rd4 Bc6
21. Bg2 Rd7 22. Bxd5 Bxd5 23. Rhd1 Bc6 24. c4 b6 25. Kc3 f6 26. Re1 fxe5 27.
fxe5 Rf8 28. Rf4 Rxf4 29. gxf4 Rd8 30. Rg1 Rg8 31. h4 g6 32. a4 Kd7 33. h5 g5
34. Nf7 Rf8 35. Nxh6 gxf4 36. Ng4 Ke7 37. Nf6 f3 38. h6 Rh8 39. h7 Bxa4 40. Kd2
f2 41. Rf1 Be8 42. Rxf2 Bg6 43. Rg2 Kf7 44. Kc3 Kg7 45. Ra2 a5 46. Rb2 Rb8 47.
Nd7 Rb7 48. Nc5 Re7 49. Rxb6 Bf5 50. Rb7 Rxb7 51. Nxb7 a4 52. Kb4 Kxh7 53. Kxa4
Kg7 54. Kb5 Kf8 55. Kc6 Ke7 56. Kc7 Be4 57. c5 Bd5 58. Na5 Be4 59. Nc6+ Ke8 60.
Kd6 Bd5 61. Nd4 Kf7 62. Kd7 1-0

[Event "PRO League Group Stage"]
[Site "chess.com INT"]
[Date "2018.02.07"]
[Round "5"]
[White "Van Kampen, Robin"]
[Black "Mitkov, Nikola"]
[Result "1/2-1/2"]
[WhiteTitle "GM"]
[BlackTitle "GM"]
[WhiteElo "2646"]
[BlackElo "2461"]
[WhiteTeam "Montreal Chessbrahs"]
[BlackTeam "Minnesota Blizzard"]
[WhiteFideId "1020854"]
[BlackFideId "15000290"]
[EventDate "2018.01.18"]

1. c4 e5 2. Nc3 Nc6 3. Nf3 Bb4 4. Qc2 d6 5. e3 Nge7 6. a3 Bc5 7. b4 Bb6 8. Be2
O-O 9. O-O a6 10. Rd1 Bg4 11. Bb2 h6 12. h3 Bh5 13. Na4 Ba7 14. d4 exd4 15. exd4
b5 16. cxb5 axb5 17. Bxb5 Bxf3 18. gxf3 Qd7 19. Kh2 Rab8 20. Bxc6 Nxc6 21. Rac1
Nd8 22. d5 Rb7 23. Nc3 f6 24. Rg1 Nf7 25. Ne4 Ng5 26. Rg3 Qf5 27. Nxg5 fxg5 28.
h4 Qxd5 29. hxg5 Rxf3 30. gxh6 c6 31. Rf1 Rbf7 32. h7+ Kh8 33. Qg6 Rxf2+ 34. Kh3
Bd4 35. Rxf2 Rxf2 36. Bxd4 Qxd4 37. Qe8+ Kxh7 38. Qh5+ Kg8 39. Qe8+ Kh7 40. Qh5+
Kg8 41. Qe8+ Kh7 42. Qh5+ 1/2-1/2

[Event "PRO League Group Stage"]
[Site "chess.com INT"]
[Date "2018.02.07"]
[Round "5"]
[White "Van Kampen, Robin"]
[Black "Flores Rios, Mauricio"]
[Result "1/2-1/2"]
[WhiteTitle "GM"]
[BlackTitle "GM"]
[WhiteElo "2646"]
[BlackElo "2529"]
[WhiteTeam "Montreal Chessbrahs"]
[BlackTeam "Minnesota Blizzard"]
[WhiteFideId "1020854"]
[BlackFideId "3408027"]
[EventDate "2018.01.18"]

1. Nf3 Nf6 2. g3 g6 3. Bg2 Bg7 4. O-O O-O 5. c4 c6 6. b3 d5 7. Bb2 a5 8. d4 a4
9. cxd5 Nxd5 10. e4 Nb6 11. Nbd2 a3 12. Bc3 c5 13. Nb1 cxd4 14. Bxd4 Bg4 15.
Bxg7 Qxd1 16. Rxd1 Kxg7 17. Nc3 Nc6 18. Nd5 Nxd5 19. exd5 Nb4 20. Rd2 Bxf3 21.
Bxf3 Rac8 22. Re1 Rc3 23. Kg2 Kf6 24. d6 exd6 25. Rxd6+ Kg7 26. Re2 Rc2 27. Rxc2
Nxc2 28. Bxb7 Nb4 29. Bf3 Rc8 30. Rd4 Nc2 31. Rd1 Nb4 32. Rd4 Nc2 33. Rd1 Nb4
34. Rd4 1/2-1/2

[Event "PRO League Group Stage"]
[Site "chess.com INT"]
[Date "2018.02.07"]
[Round "5"]
[White "Van Wely, Loek"]
[Black "Roberson, Peter T"]
[Result "1-0"]
[WhiteTitle "GM"]
[BlackTitle "IM"]
[WhiteElo "2656"]
[BlackElo "2412"]
[WhiteTeam "Amsterdam Mosquitoes"]
[BlackTeam "London Towers"]
[WhiteFideId "1000268"]
[BlackFideId "412384"]
[EventDate "2018.01.18"]

1. d4 Nf6 2. c4 e6 3. Nf3 c5 4. d5 d6 5. Nc3 exd5 6. cxd5 g6 7. h3 Bg7 8. e4 a6
9. a4 Nbd7 10. Bd3 Nh5 11. g4 Nhf6 12. Bf4 Qe7 13. Kf1 O-O 14. Kg2 Ne8 15. Qd2
Rb8 16. Rae1 Ne5 17. Nxe5 dxe5 18. Be3 Bd7 19. a5 Rc8 20. f3 Nd6 21. Bh6 Bb5 22.
Bxg7 Kxg7 23. h4 h6 24. g5 hxg5 25. Bxb5 axb5 26. Qxg5 Qxg5+ 27. hxg5 Ra8 28. f4
exf4 29. e5 Nc4 30. Ne4 Rh8 31. Nf6 Nxb2 32. e6 Nd3 33. e7 Nxe1+ 34. Rxe1 f3+
35. Kxf3 Rh3+ 36. Kf4 Rh4+ 37. Ke5 b4 38. d6 c4 39. e8=Q Rxe8+ 40. Nxe8+ Kf8 41.
d7 Ke7 42. Nf6 Rh1 43. Rxh1 b3 44. Rh8 1-0

[Event "PRO League Group Stage"]
[Site "chess.com INT"]
[Date "2018.02.07"]
[Round "5"]
[White "Van Wely, Loek"]
[Black "Rendle, Thomas E"]
[Result "1-0"]
[WhiteTitle "GM"]
[BlackTitle "IM"]
[WhiteElo "2656"]
[BlackElo "2362"]
[WhiteTeam "Amsterdam Mosquitoes"]
[BlackTeam "London Towers"]
[WhiteFideId "1000268"]
[BlackFideId "408760"]
[EventDate "2018.01.18"]

1. d4 f5 2. Nf3 Nf6 3. g3 g6 4. Bg2 Bg7 5. b4 Nc6 6. c3 e6 7. O-O O-O 8. a4 Ne4
9. Ba3 d6 10. Nfd2 Nf6 11. b5 Ne7 12. c4 g5 13. Nc3 Ng6 14. Rc1 Rb8 15. e4 f4
16. e5 dxe5 17. dxe5 Nxe5 18. Bxf8 Qxf8 19. Qe2 Nfg4 20. Nce4 Qe7 21. h3 Nh6 22.
g4 Bd7 23. c5 Be8 24. Rfe1 Nhf7 25. Red1 h6 26. a5 Kh8 27. Rb1 Rd8 28. Nf3 Rd5
29. Nxe5 Nxe5 30. a6 b6 31. cxb6 cxb6 32. Rxd5 exd5 33. Nd2 Qc5 34. Nf3 Bg6 35.
Rd1 Nc4 36. Qe6 Be4 37. Nxg5 Bxg2 38. Qe8+ Qf8 39. Qxf8+ Bxf8 40. Kxg2 hxg5 41.
Rxd5 Nd6 42. Rxg5 Kh7 43. Kf3 Nf7 44. Rd5 Bd6 45. Ke4 Kg6 46. h4 Kf6 47. Rh5 Ke6
48. g5 Bf8 49. Kxf4 Bg7 50. Rh7 Be5+ 51. Kg4 Bc3 52. f4 Nd6 53. Rxa7 Nxb5 54.
Rb7 Bd4 1-0

[Event "PRO League Group Stage"]
[Site "chess.com INT"]
[Date "2018.02.07"]
[Round "5"]
[White "Beerdsen, Thomas"]
[Black "Van Kampen, Robin"]
[Result "1-0"]
[WhiteTitle "IM"]
[BlackTitle "GM"]
[WhiteElo "2416"]
[BlackElo "2646"]
[WhiteTeam "Minnesota Blizzard"]
[BlackTeam "Montreal Chessbrahs"]
[WhiteFideId "1030108"]
[BlackFideId "1020854"]
[EventDate "2018.01.18"]

1. e4 c5 2. Nf3 Nc6 3. d4 cxd4 4. Nxd4 e6 5. Nc3 Qc7 6. g4 a6 7. Bg2 Bc5 8. Nxc6
bxc6 9. O-O Ne7 10. Kh1 d5 11. f4 O-O 12. f5 f6 13. g5 exf5 14. exd5 Bb7 15. Bf4
Qd8 16. gxf6 Rxf6 17. Bg5 Rg6 18. Bxe7 Bxe7 19. Rxf5 Rxg2 20. Kxg2 cxd5 21. Qf3
Rc8 22. Re1 Bb4 23. Kh1 Bxc3 24. bxc3 Qd7 25. Kg1 d4 26. Qh3 Qc6 27. Re7 Qg6+
28. Qg3 Rxc3 29. Qxg6 hxg6 30. Rf4 Bd5 31. Re8+ 1-0

[Event "PRO League Group Stage"]
[Site "chess.com INT"]
[Date "2018.02.07"]
[Round "5"]
[White "Beerdsen, Thomas"]
[Black "Kleinman, Michael"]
[Result "0-1"]
[WhiteTitle "IM"]
[BlackTitle "IM"]
[WhiteElo "2416"]
[BlackElo "2394"]
[WhiteTeam "Minnesota Blizzard"]
[BlackTeam "Montreal Chessbrahs"]
[WhiteFideId "1030108"]
[BlackFideId "2609479"]
[EventDate "2018.01.18"]

1. e4 c6 2. Nf3 d5 3. exd5 cxd5 4. Ne5 Nf6 5. d4 Nc6 6. c3 Qb6 7. Bd3 g6 8. O-O
Bg7 9. Nxc6 bxc6 10. Re1 a5 11. b3 Nd7 12. Ba3 Bf6 13. Nd2 c5 14. Qf3 cxd4 15.
cxd4 Qxd4 16. Qe2 O-O 17. Nf3 Qb6 18. Rac1 Re8 19. Qd2 e5 20. Qh6 Bg7 21. Qh4
Bb7 22. Qh3 f5 23. Ng5 h6 24. Bxf5 gxf5 25. Qxf5 hxg5 26. Qxd7 Rad8 27. Qg4 d4
28. Qxg5 Rc8 29. h4 Qf6 30. Qg4 e4 31. h5 Kh7 32. Qd7 Bc6 33. Qg4 e3 34. fxe3
dxe3 35. Rf1 Qe6 36. Qg5 e2 37. Rfe1 Bd4+ 38. Kh2 Rg8 39. Rxc6 Rxc6 40. Qd2 Qe5+ 0-1

[Event "PRO League Group Stage"]
[Site "chess.com INT"]
[Date "2018.02.07"]
[Round "5"]
[White "Stremavicius, Titas"]
[Black "Nakamura, Hikaru"]
[Result "0-1"]
[WhiteTitle "IM"]
[BlackTitle "GM"]
[WhiteElo "2432"]
[BlackElo "2781"]
[WhiteTeam "Dallas Destiny"]
[BlackTeam "Seattle Sluggers"]
[WhiteFideId "12804444"]
[BlackFideId "2016192"]
[EventDate "2018.01.18"]

1. d4 Nf6 2. c4 e6 3. Nc3 Bb4 4. e3 O-O 5. Bd3 c5 6. Nf3 d5 7. O-O cxd4 8. exd4
dxc4 9. Bxc4 b6 10. Bg5 Bb7 11. Qe2 Bxc3 12. bxc3 Nbd7 13. Rac1 Qc7 14. Bd3 Ng4
15. Be4 Bxe4 16. Qxe4 Ngf6 17. Qe2 Rac8 18. c4 h6 19. Bd2 Rfd8 20. a4 Qb7 21.
Rfe1 Qa6 22. a5 bxa5 23. c5 Qxe2 24. Rxe2 Nb8 25. Bxa5 Rd7 26. Rb1 Nc6 27. Bc3
Nd5 28. Bd2 a5 29. Ree1 a4 30. Ra1 Ra8 31. Reb1 a3 32. Ra2 Rda7 33. g3 Ra4 34.
Rb3 Nxd4 35. Nxd4 Rxd4 36. Kg2 Rxd2 0-1

[Event "PRO League Group Stage"]
[Site "chess.com INT"]
[Date "2018.02.07"]
[Round "5"]
[White "Stremavicius, Titas"]
[Black "He, Anthony"]
[Result "1-0"]
[WhiteTitle "IM"]
[BlackTitle "FM"]
[WhiteElo "2432"]
[BlackElo "2246"]
[WhiteTeam "Dallas Destiny"]
[BlackTeam "Seattle Sluggers"]
[WhiteFideId "12804444"]
[BlackFideId "2088215"]
[EventDate "2018.01.18"]

1. d4 Nf6 2. c4 g6 3. Nc3 d5 4. Bg5 Ne4 5. Bh4 Nxc3 6. bxc3 dxc4 7. e3 Be6 8.
Nf3 Bg7 9. Be2 O-O 10. O-O Nd7 11. a4 a5 12. Qb1 Nb6 13. Nd2 c5 14. Rc1 Rc8 15.
Bxe7 Qxe7 16. Qxb6 Qc7 17. Qb5 Qc6 18. Bxc4 cxd4 19. cxd4 Rc7 20. Qxc6 bxc6 21.
Bxe6 fxe6 22. Rab1 e5 23. dxe5 Bxe5 24. Nc4 Rf5 25. g4 Rg5 26. h3 Bf6 27. Nd6
Be7 28. Rb8+ Bf8 29. Ne8 Rf7 30. Rxc6 h5 31. f4 Rc5 32. Rxg6+ Kh7 33. f5 Rc1+
34. Kg2 Be7 35. Rb7 Rc2+ 36. Kf3 hxg4+ 37. hxg4 Kh8 38. Nd6 1-0

[Event "PRO League Group Stage"]
[Site "chess.com INT"]
[Date "2018.02.07"]
[Round "5"]
[White "Demidov, Mikhail"]
[Black "Andriasian, Zaven"]
[Result "1/2-1/2"]
[WhiteTitle "IM"]
[BlackTitle "GM"]
[WhiteElo "2523"]
[BlackElo "2585"]
[WhiteTeam "Volga Stormbringers"]
[BlackTeam "Armenia Eagles"]
[WhiteFideId "4197143"]
[BlackFideId "13302000"]
[EventDate "2018.01.18"]

1. Nf3 d5 2. d4 Nf6 3. Bf4 Bf5 4. e3 e6 5. c4 Bxb1 6. Qxb1 Bb4+ 7. Kd1 Bd6 8.
Bxd6 Qxd6 9. Qc2 O-O 10. Bd3 dxc4 11. Qxc4 Nbd7 12. Ke2 c6 13. Rhd1 Qe7 14. Rac1
e5 15. dxe5 Nxe5 16. Qc5 Qxc5 17. Rxc5 Nxd3 18. Rxd3 Rfd8 1/2-1/2

[Event "PRO League Group Stage"]
[Site "chess.com INT"]
[Date "2018.02.07"]
[Round "5"]
[White "Hauge, Lars Oskar"]
[Black "Mohammad, Nubairshah Shaikh"]
[Result "1/2-1/2"]
[WhiteTitle "IM"]
[BlackTitle "IM"]
[WhiteElo "2436"]
[BlackElo "2380"]
[WhiteTeam "Oslo Trolls"]
[BlackTeam "Mumbai Movers"]
[WhiteFideId "1509276"]
[BlackFideId "5053196"]
[EventDate "2018.01.18"]

1. d4 d5 2. Bf4 Nf6 3. e3 g6 4. Nc3 Bg7 5. Nf3 O-O 6. Be2 c5 7. O-O Ne4 8. Nxe4
dxe4 9. Ne5 Nd7 10. Nxd7 Bxd7 11. c3 Rc8 12. Qb3 Qb6 13. Qxb6 axb6 14. Rfd1 Rfd8
15. Kf1 Ba4 16. b3 Be8 17. Rac1 f5 18. Bc4+ Bf7 19. Bb5 c4 20. b4 Be8 21. a4
Bxb5 22. axb5 e5 23. Bxe5 Bxe5 24. dxe5 Rd3 25. Ke2 Kf7 26. Ra1 Ke6 27. Ra7 Rc7
28. f4 exf3+ 29. gxf3 Rxd1 30. Kxd1 Kxe5 31. Ke2 Rd7 32. Ra8 Rd3 33. Re8+ Kf6
34. Rh8 h5 35. Rh7 Rxc3 36. Rxb7 Rb3 37. Rxb6+ Ke5 38. Rxg6 Rxb4 39. Rc6 Rxb5
40. Rxc4 Rb2+ 41. Kd3 Rxh2 42. f4+ Kd6 43. e4 fxe4+ 44. Kxe4 1/2-1/2

[Event "PRO League Group Stage"]
[Site "chess.com INT"]
[Date "2018.02.07"]
[Round "5"]
[White "Hauge, Lars Oskar"]
[Black "Swapnil, S. Dhopade"]
[Result "0-1"]
[WhiteTitle "IM"]
[BlackTitle "GM"]
[WhiteElo "2436"]
[BlackElo "2533"]
[WhiteTeam "Oslo Trolls"]
[BlackTeam "Mumbai Movers"]
[WhiteFideId "1509276"]
[BlackFideId "5019184"]
[EventDate "2018.01.18"]

1. e4 c6 2. Ne2 d5 3. e5 Bf5 4. Ng3 Bg6 5. h4 h6 6. e6 Qd6 7. exf7+ Kxf7 8. d4
Nd7 9. Be2 Ngf6 10. O-O e5 11. dxe5 Qxe5 12. Nd2 Bc5 13. Kh2 Rhf8 14. Nb3 Bd6
15. Be3 Kg8 16. c3 Ne4 17. f4 Qe7 18. Nxe4 Qxh4+ 19. Kg1 Bxe4 20. Qe1 Qe7 21.
Qg3 Rf6 22. Bh5 Raf8 23. Rae1 g5 24. Nd4 Bxf4 25. Bxf4 Rxf4 26. Rxf4 Rxf4 27.
Bg4 Ne5 28. Bh5 Rf6 29. Qh3 Qd7 30. Qg3 Nd3 31. Re3 Nf4 32. Bf3 Bxf3 33. Nxf3
Qd6 34. Ne5 Re6 35. Qe1 Qc5 36. Kh1 Ng6 37. Re2 Nf4 38. Re3 Kg7 39. Kh2 Ng6 40.
Kh1 Qe7 41. Ng4 Rxe3 42. Nxe3 Qe4 43. Qf2 Nf4 44. Kh2 Kg6 45. g3 Nd3 46. Qd2 Ne5
47. Kh3 h5 48. Qf2 Qh1+ 0-1

[Event "PRO League Group Stage"]
[Site "chess.com INT"]
[Date "2018.02.07"]
[Round "5"]
[White "Le, Quang Liem"]
[Black "Iturrizaga Bonelli, Eduardo"]
[Result "1/2-1/2"]
[WhiteTitle "GM"]
[BlackTitle "GM"]
[WhiteElo "2737"]
[BlackElo "2650"]
[WhiteTeam "Webster Windmills"]
[BlackTeam "Miami Champions"]
[WhiteFideId "12401137"]
[BlackFideId "3901211"]
[EventDate "2018.01.18"]

1. d4 Nf6 2. c4 b6 3. Nc3 Bb7 4. Qc2 d5 5. cxd5 Nxd5 6. e4 Nxc3 7. bxc3 e5 8.
Nf3 Nd7 9. Bc4 Bd6 10. Ng5 O-O 11. O-O Be7 12. f4 Bxg5 13. fxg5 Qe7 14. Bd3 exd4
15. cxd4 c5 16. d5 Ne5 17. Bb2 Qxg5 18. Rae1 g6 19. Qc3 f6 20. Bc1 Qg4 21. Bh6
Rf7 22. Rxf6 Rxf6 23. Qxe5 Qh4 24. g3 Qxh6 25. Qxf6 Qd2 26. Rf1 Qxd3 27. Qe6+
Kh8 28. Rf7 Qd4+ 29. Kg2 Rg8 30. Rxb7 Qd2+ 31. Kh3 Qh6+ 32. Kg2 Qd2+ 33. Kh3
Qh6+ 34. Kg2 Qd2+ 35. Kh3 Qh6+ 36. Kg2 Qd2+ 37. Kh3 Qh6+ 38. Kg2 Qd2+ 1/2-1/2

[Event "PRO League Group Stage"]
[Site "chess.com INT"]
[Date "2018.02.07"]
[Round "5"]
[White "Ramirez, Alejandro"]
[Black "Liang, Awonder"]
[Result "1/2-1/2"]
[WhiteTitle "GM"]
[BlackTitle "GM"]
[WhiteElo "2568"]
[BlackElo "2572"]
[WhiteTeam "Saint Louis Arch Bishops"]
[BlackTeam "Pittsburgh Pawngrabbers"]
[WhiteFideId "6500617"]
[BlackFideId "2056437"]
[EventDate "2018.01.18"]

1. Nf3 Nf6 2. c4 b6 3. g3 Bb7 4. Bg2 g6 5. b3 Bg7 6. Bb2 O-O 7. O-O e6 8. e3 d5
9. Qe2 Nbd7 10. Rd1 a5 11. a3 Qe7 12. d3 Nc5 13. Nbd2 Rfd8 14. d4 Nce4 15. Rac1
Rac8 16. Ne5 Nxd2 17. Qxd2 Nd7 18. Nd3 Nf6 19. Qc2 h5 20. c5 Ne4 21. b4 axb4 22.
axb4 Ba6 23. Ne5 Bb5 24. Bxe4 dxe4 25. Qxe4 Qe8 26. Ra1 f6 27. Nd3 Bc6 28. Qh4
g5 29. Qh3 Bd5 30. Rdc1 Qg6 31. Ne1 g4 32. Qf1 h4 33. gxh4 Ra8 34. cxb6 cxb6 35.
Qd3 f5 36. Rxa8 Rxa8 37. Ra1 Qe8 38. Rxa8 Qxa8 39. b5 Qa4 40. Ba3 Bf6 41. h5 Kg7
42. Qc3 Qd1 43. Qc7+ Kh6 44. Bf8+ Kg5 45. Qf4+ Kh4 46. Qg3+ Kg5 47. Qf4+ Kh4 48.
Qg3+ Kg5 49. Qf4+ 1/2-1/2

[Event "PRO League Group Stage"]
[Site "chess.com INT"]
[Date "2018.02.07"]
[Round "5"]
[White "Ramirez, Alejandro"]
[Black "Bora, Safal"]
[Result "1/2-1/2"]
[WhiteTitle "GM"]
[BlackTitle "IM"]
[WhiteElo "2568"]
[BlackElo "2370"]
[WhiteTeam "Saint Louis Arch Bishops"]
[BlackTeam "Pittsburgh Pawngrabbers"]
[WhiteFideId "6500617"]
[BlackFideId "2066149"]
[EventDate "2018.01.18"]

1. b3 Nf6 2. Bb2 g6 3. Nf3 Bg7 4. g3 O-O 5. Bg2 d5 6. c4 c5 7. cxd5 Qxd5 8. d3
Nc6 9. Nbd2 b6 10. Rc1 Bb7 11. O-O Rac8 12. a3 Rfd8 13. Nc4 Qd7 14. Qd2 Ba8 15.
b4 Nd4 16. Nce5 Qd6 17. bxc5 bxc5 18. Nc4 Qb8 19. Rb1 Qc7 20. Nh4 Ne4 21. Bxe4
Bxe4 22. dxe4 Nf3+ 23. Nxf3 Rxd2 24. Nfxd2 Rb8 25. e5 Rd8 26. Bc3 Qc6 27. Ba5
Rc8 28. Rb3 Qe6 29. Rfb1 h5 30. h4 Bh6 31. e3 g5 32. hxg5 Bxg5 33. Rb8 Rxb8 34.
Rxb8+ Kg7 35. Bc3 h4 36. gxh4 Qg4+ 37. Kf1 Qd1+ 38. Kg2 Qg4+ 39. Kf1 Qd1+ 40.
Kg2 Qg4+ 1/2-1/2

[Event "PRO League Group Stage"]
[Site "chess.com INT"]
[Date "2018.02.07"]
[Round "5"]
[White "Vachier-Lagrave, Maxime"]
[Black "Borisek, Jure"]
[Result "1/2-1/2"]
[WhiteTitle "GM"]
[BlackTitle "GM"]
[WhiteElo "2793"]
[BlackElo "2576"]
[WhiteTeam "Marseille Migraines"]
[BlackTeam "Ljubljana Turtles"]
[WhiteFideId "623539"]
[BlackFideId "14603152"]
[EventDate "2018.01.18"]

1. f4 d5 2. Nf3 g6 3. g3 Bg7 4. Bg2 c6 5. d3 Nh6 6. c3 O-O 7. O-O Qb6+ 8. Kh1
Ng4 9. Qe1 Ne3 10. Bxe3 Qxe3 11. d4 Qe6 12. Nbd2 Nd7 13. e4 dxe4 14. Nxe4 Nf6
15. Nc5 Qd6 16. Ne5 Rb8 17. Rd1 b6 18. Ne4 Nxe4 19. Qxe4 Bb7 20. Nxc6 Bxc6 21.
Qxc6 Qxc6 22. Bxc6 Rfd8 23. Rfe1 Kf8 24. Bb5 h5 25. Kg2 Bf6 26. Kf3 Ra8 27. Ba6
Rd6 28. a4 Rad8 29. Re3 e6 30. h3 Rd5 31. Bc4 R5d6 32. g4 hxg4+ 33. hxg4 Ra8 34.
Ba6 Rad8 35. Rh1 Rd5 36. Bc4 R5d6 37. f5 exf5 38. gxf5 gxf5 39. Rh5 Bg7 40. Rxf5
Rf6 41. Rxf6 Bxf6 42. Re2 Rd6 43. Ke4 Bg5 44. Rf2 f6 45. Kd3 Rd7 46. b4 Re7 47.
Re2 Rxe2 48. Kxe2 Bc1 49. Bd5 Ke7 50. Kd3 Ba3 51. Bf3 Kd6 52. Kc2 Kc7 53. Kb3
Bc1 54. c4 Bd2 55. c5 a5 56. b5 Be3 57. Kc4 Bf2 58. Kd5 Bg1 59. Be4 Bf2 60. Bc2
Bg1 61. Bb3 Bf2 62. Bc2 Bg1 63. Bd1 Bf2 64. cxb6+ Kxb6 65. Ke4 Bg1 66. d5 Kc7
67. Bf3 Kd6 68. Kf5 Bb6 69. Kxf6 Bc7 70. Kf5 Bb6 71. Ke4 Bc7 72. Kd3 Bb6 73. Kc4
Bc7 1/2-1/2

[Event "PRO League Group Stage"]
[Site "chess.com INT"]
[Date "2018.02.07"]
[Round "5"]
[White "Vachier-Lagrave, Maxime"]
[Black "Sebenik, Matej"]
[Result "1/2-1/2"]
[WhiteTitle "GM"]
[BlackTitle "GM"]
[WhiteElo "2793"]
[BlackElo "2551"]
[WhiteTeam "Marseille Migraines"]
[BlackTeam "Ljubljana Turtles"]
[WhiteFideId "623539"]
[BlackFideId "14602296"]
[EventDate "2018.01.18"]

1. f4 Nh6 2. c4 c5 3. b3 b6 4. Bb2 Bb7 5. d3 Nf5 6. Qd2 d5 7. cxd5 Qxd5 8. e4
Qe6 9. Nf3 f6 10. Be2 Nd6 11. O-O Nc6 12. Nc3 Qd7 13. f5 e6 14. fxe6 Qxe6 15. d4
cxd4 16. Nxd4 Nxd4 17. Qxd4 O-O-O 18. Rac1 Kb8 19. Bc4 Qe5 20. Qxe5 fxe5 21. Be6
Nxe4 22. Nxe4 Bxe4 23. Bxe5+ Ka8 24. Rfe1 Ba3 25. Rc7 Rhe8 26. Rd7 Rxd7 27. Bxd7
Bc5+ 28. Kh1 Rxe5 29. Rxe4 Rxe4 30. Bc6+ Kb8 31. Bxe4 h6 1/2-1/2

[Event "PRO League Group Stage"]
[Site "chess.com INT"]
[Date "2018.02.07"]
[Round "5"]
[White "Ehlvest, Jaan"]
[Black "Lalith, Babu M R"]
[Result "1/2-1/2"]
[WhiteTitle "GM"]
[BlackTitle "GM"]
[WhiteElo "2536"]
[BlackElo "2542"]
[WhiteTeam "Estonia Horses"]
[BlackTeam "Delhi Dynamite"]
[WhiteFideId "4500016"]
[BlackFideId "5024595"]
[EventDate "2018.01.18"]

1. e4 c6 2. d4 d5 3. e5 Bf5 4. h4 h6 5. Bd3 Bxd3 6. Qxd3 e6 7. Nd2 c5 8. c3 Nc6
9. a3 Nge7 10. Ne2 Nf5 11. h5 Be7 12. Nf3 c4 13. Qd1 Nh4 14. Nxh4 Bxh4 15. Ng1
Bg5 16. f4 Be7 17. Qg4 Qd7 18. Qxg7 O-O-O 19. Qg4 Rhg8 20. Qf3 f6 21. exf6 Bxf6
22. Ne2 Qg7 23. Rg1 Qh7 24. Be3 Qc2 25. Kf2 Qxb2 26. Rgc1 Qb6 27. f5 Ne7 28.
Rab1 Qc6 29. fxe6 Qxe6 30. Nf4 Qd7 31. Kg1 Nf5 32. Bf2 Bh4 33. Ng6 Bxf2+ 34.
Qxf2 Ne7 35. Nxe7+ Qxe7 36. Re1 Qg7 37. Qf5+ Kb8 38. Rb2 Ka8 39. Re5 Qg3 40. Qf7
Rb8 41. Qxd5 Qxc3 42. Rxb7 Qc1+ 43. Kh2 Qf4+ 44. Kg1 Qc1+ 45. Kh2 Qf4+ 46. Kg1 1/2-1/2